Fr. Conceicao Rodrigues College of Engineering

Metals joining manuals (Record no. 33024)

MARC details
000 -LEADER
fixed length control field 00259nam a2200121Ia 4500
082 ## - DEWEY DECIMAL CLASSIFICATION NUMBER
Classification number 671.5
100 ## - MAIN ENTRY--PERSONAL NAME
Personal name Schwartz/ M.M.
245 ## - TITLE STATEMENT
Title Metals joining manuals
260 ## - PUBLICATION, DISTRIBUTION, ETC.
Name of publisher, distributor, etc. McGraw Hill
Place of publication, distribution, etc. New York
Date of publication, distribution, etc. 1979
546 ## - LANGUAGE NOTE
Language note ENGLISH
654 ## - SUBJECT ADDED ENTRY--FACETED TOPICAL TERMS
Focus term manuals
942 ## - ADDED ENTRY ELEMENTS (KOHA)
Koha item type Reference Book
Holdings
Withdrawn status Lost status Damaged status Not for loan Collection Home library Current library Shelving location Date acquired Source of acquisition Cost, normal purchase price Inventory number Total Checkouts Full call number Barcode Date last seen Cost, replacement price Price effective from Koha item type
        AFT Fr. Agnel's C.Rodrigues College of Engineering Fr. Agnel's C.Rodrigues College of Engineering   17/03/2023 UBC 253.79 830   671.5 AFT2887 17/03/2023 253.79 17/03/2023 Reference Book